Loading...
| History - Other | 0 | 7 | 0 | 2 | 70 | 36 | 78.29 | 0 | 4 | 0.00 | 0.00 |
| Mythology | 0 | 4 | 0 | 1 | 40 | 73 | 93.00 | 0 | 0 | 0.00 | 0.00 |
| Literature - European | 0 | 4 | 0 | 0 | 40 | 87 | 108.50 | 0 | 0 | 0.00 | 0.00 |
| Science - Biology | 0 | 4 | 0 | 2 | 40 | 78 | 91.50 | 0 | 1 | 0.00 | 0.00 |
| Painting/Sculpture | 0 | 4 | 1 | 0 | 35 | 57 | 84.00 | 0 | 1 | 0.00 | 0.00 |
| Fine Arts - Classical Music | 0 | 3 | 0 | 0 | 30 | 83 | 96.67 | 0 | 1 | 0.00 | 0.00 |
| Science - Physics | 0 | 3 | 1 | 2 | 25 | 101 | 101.33 | 0 | 0 | 0.00 | 0.00 |
| Literature - British | 0 | 3 | 1 | 1 | 25 | 103 | 106.67 | 0 | 0 | 0.00 | 0.00 |
| Current Events | 0 | 2 | 0 | 1 | 20 | 42 | 75.50 | 0 | 1 | 0.00 | 0.00 |
| Fine Arts - Other | 0 | 2 | 0 | 0 | 20 | 23 | 60.00 | 1 | 1 | 0.00 | 0.00 |
| Geography | 0 | 2 | 0 | 2 | 20 | 105 | 111.50 | 0 | 0 | 0.00 | 0.00 |
| History - European | 0 | 2 | 0 | 1 | 20 | 55 | 86.50 | 0 | 1 | 0.00 | 0.00 |
| History - World | 0 | 2 | 0 | 1 | 20 | 79 | 88.00 | 0 | 0 | 0.00 | 0.00 |
| Philosophy | 0 | 2 | 0 | 1 | 20 | 109 | 114.50 | 0 | 0 | 0.00 | 0.00 |
| Science - Chemistry | 0 | 2 | 0 | 2 | 20 | 87 | 98.00 | 0 | 0 | 0.00 | 0.00 |
| Science - Other | 0 | 2 | 1 | 0 | 15 | 41 | 49.50 | 0 | 1 | 0.00 | 0.00 |
| Literature - World | 0 | 2 | 1 | 0 | 15 | 85 | 86.00 | 0 | 0 | 0.00 | 0.00 |
| Religion | 0 | 3 | 3 | 0 | 15 | 35 | 61.67 | 0 | 2 | 0.00 | 0.00 |
| Pop Culture | 0 | 1 | 0 | 0 | 10 | 95 | 95.00 | 0 | 0 | 0.00 | 0.00 |
| Social Science | 0 | 1 | 1 | 1 | 5 | 106 | 106.00 | 0 | 0 | 0.00 | 0.00 |